| 000 | 00862cab a2200265 4500 | ||
|---|---|---|---|
| 001 | WB3428-13 | ||
| 008 | 090401t1998 xxu||||| |||| 00| 0 eng d | ||
| 035 | _a(Sirsi) u87636 | ||
| 041 | _aeng | ||
| 245 | _aEnergy ratings on new homes available | ||
| 260 | _c1998 | ||
| 350 | _a0 | ||
| 490 |
_aDETR News Release _v(610) 21 July 1998 (3) |
||
| 520 | _aA DETR consultation paper proposes to make energy ratings on all new homes in England and Wales freely available to prospective buyers and tenants. Responses by 16 October 1998. Copies available on 0171 890 5742) | ||
| 650 | _aDETR | ||
| 650 | _aENERGY RATING | ||
| 650 | _aHOUSE BUYERS | ||
| 650 | _aNEW HOUSES | ||
| 650 | _aSAP | ||
| 650 | _aSTANDARD ASSESSMENT PROCEDURE | ||
| 650 | _aTENANTS | ||
| 690 | _aENVIRONMENTAL AND LAND CONSULTANCY-ENERGY | ||
| 942 | _n0 | ||
| 948 | _c24/07/1998 | ||
| 999 |
_c55289 _d55289 |
||